Το απολεσθέν θέλγητρον ...
Αποθηκεύτηκε σε:
| Κύριος συγγραφέας: | |
|---|---|
| Μορφή: | Βιβλίο |
| Γλώσσα: | Greek |
| Δημοσίευση: |
Αθήνα :
Άδωνις Κ. Κύρου,
1997.
|
| Θέματα: | |
| Ετικέτες: |
Προσθήκη ετικέτας
Δεν υπάρχουν, Καταχωρήστε ετικέτα πρώτοι!
|
MARC
| LEADER | 00000cam a2200000 i 4500 | ||
|---|---|---|---|
| 001 | 1/4207 | ||
| 008 | 100204s1997 gr | ||| |||| ||gre|| | ||
| 020 | |a 9609076807 | ||
| 035 | |l 10106653 | ||
| 040 | |a GR-MyUA |b gre |e AACR2 | ||
| 041 | 0 | |a gre | |
| 082 | 0 | |a 158712 |2 (22) | |
| 100 | 1 | |a Κύρου, Άδωνις Κ., |d 1938- | |
| 245 | 1 | 3 | |a Το απολεσθέν θέλγητρον ... / |c Άδωνις Κ. Κύρου. |
| 260 | |a Αθήνα : |b Άδωνις Κ. Κύρου, |c 1997. | ||
| 300 | |a 107 σ. : |b εικ. ; |c 27 εκ. | ||
| 650 | 0 | 0 | |a Newspapers |z Greece |x History. |
| 650 | 0 | 0 | |a Printing |x Instruments. |
| 650 | 0 | 0 | |a Printing |z Greece |z Athens |x History. |
| 650 | 0 | 0 | |a Publishers and publishing. |
| 852 | |a INST |b SAMOS |e 20100204 |h 070.5 ΚΥΡ |p 005300030689 |q 005300030689 |t BK |y 0 | ||
| 901 | |a BIBL3-2010-1 | ||
| 909 | |a Σ |b 161760 | ||
| 970 | |a ΡΟΥΣΣΟΥ |b ΚΩΝΣΤΑΝΤΙΝΑ |z 2010/02/04 | ||